Aneta Langerová : portrét netuctové hvězdy /

Hlavní autor: Hora, Pavel
Jazyk: Čeština
Vydáno: [Praha] : Petrklíč, 2006
Edice: Osobnosti (Petrklíč)
Témata:
Externí odkaz: Digitalizovaný dokument
Fyzický popis: 111 s. : portréty (některé barev.) ; 22 cm
Knihy
Uloženo v:
LEADER 01752nam a2200481 a 4500
001 nkc20061700365
003 CZ PrNK
005 20080307123545.0
007 ta
008 061204s2006 xr c e 000 0dcze
015 |a cnb001700365 
020 |a 80-7229-156-4  |q (váz.)  |z 80-7229-134-3 
035 |a (OCoLC)124089440 
040 |a BOA001  |b cze  |d ABA001 
043 |a e-xr--- 
045 |a x8y0 
072 7 |a 78.07  |x Hudebníci, skladatelé a jiná hudební povolání  |2 Konspekt  |9 9 
072 7 |a 929  |x Biografie  |2 Konspekt  |9 8 
080 |a 929  |2 MRF 
080 |a 78.071.2-055.2  |2 MRF 
080 |a (437.3)  |2 MRF 
080 |a (0:82-94)  |2 MRF 
100 1 |a Hora, Pavel  |7 mzk2006331596  |4 aut 
245 1 0 |a Aneta Langerová :  |b portrét netuctové hvězdy /  |c Pavel Hora 
246 3 0 |a Portrét netuctové hvězdy 
260 |a [Praha] :  |b Petrklíč,  |c 2006 
300 |a 111 s. :  |b portréty (některé barev.) ;  |c 22 cm 
490 1 |a Osobnosti 
500 |a Obálkový podnázev: netuctová hvězda 
504 |a Obsahuje bibliografii a diskografii 
600 1 7 |a Langerová, Aneta,  |d 1986-  |7 xx0025514  |2 czenas 
648 7 |a 20.-21. století  |7 ch462155  |2 czenas 
650 0 7 |a zpěvačky  |7 ph127680  |z Česko  |y 20.-21. století  |2 czenas 
650 0 9 |a women singers  |z Czechia  |y 20th-21st centuries  |2 eczenas 
655 7 |a portréty  |7 fd133099  |2 czenas 
655 9 |a portraits  |2 eczenas 
830 0 |a Osobnosti (Petrklíč)  |0 s 
856 4 1 |u http://www.digitalniknihovna.cz/mzk/uuid/uuid:4f339cd0-5a7a-11e4-bc71-005056827e52  |y Digitalizovaný dokument  |x NDK 
910 2 |a BOA001  |b 2-1177.632 
990 |a BK 
995 |a 01 
991 |b 200612  |c NOV 
996 6 |b 2610295452  |c 2-1177.632  |l MZK  |r Sklad / do 1 hodiny  |n 1  |p p.v.  |w 000834474  |u 000010  |a 1  |e BOA001  |j MZK50  |s P